Spielberg Films Nominated for Best Picture Oscar - Statistics

General Stats
  • This quiz has been taken 683 times
    420 since last reset
  • The average score is 9 of 13
Answer Stats
Year Hint Film % Correct
1975 Shark Jaws
99%
1993 Holocaust Schindler's List
91%
1982 Alien E.T. The Extra-Terrestrial
89%
2012 Abraham Lincoln
81%
1998 D-Day Saving Private Ryan
81%
1981 Whip Raiders of the Lost Ark
69%
1985 Whoopi The Color Purple
66%
2021 Musical West Side Story
66%
2011 Stallion War Horse
62%
2005 Mossad Munich
58%
2022 Himself The Fablemans
54%
2015 Espionage Bridge of Spies
52%
2017 News The Post
48%
No matching quizzes found
Score Distribution
Percent of People with Each Score
Percentile by Number Answered
Your Score History
You have not taken this quiz since the last reset